Kita, Jaroslav: Nákup a predaj. Bratislava, Sprint 1998. 194 s.

Recenzia publikácie Kita, Jaroslav: Nákup a predaj. Zaoberá sa nákupom a predajom z hľadiska dodávateľsko-odberateľských vzťahov na trhu výrobnej sféry. Je rozdelená do troch kapitol: Všeobecná charakteristika trhu výrobnej sféry, Nákup, Predaj.

Salvato in:
Dettagli Bibliografici
Autore principale: Hanuláková, Eva, 1964-
Natura: Capitolo di libro
Lingua:slovacco
Soggetti:
Tags: Aggiungi Tag
Nessun Tag, puoi essere il primo ad aggiungerne!!

MARC

LEADER 00000naa a2200000 4500
001 r035216
005 20230929072500.0
041 0 |a slo 
044 |a SK 
245 1 0 |a Kita, Jaroslav: Nákup a predaj. Bratislava, Sprint 1998. 194 s.  |c Eva Hanuláková 
520 |a Recenzia publikácie Kita, Jaroslav: Nákup a predaj. Zaoberá sa nákupom a predajom z hľadiska dodávateľsko-odberateľských vzťahov na trhu výrobnej sféry. Je rozdelená do troch kapitol: Všeobecná charakteristika trhu výrobnej sféry, Nákup, Predaj. 
610 2 0 |a recenzie 
610 2 0 |a vzťahy dodávateľsko-odberateľské 
610 2 0 |a nákup 
610 2 0 |a predaj 
610 2 0 |a sféra výrobná 
100 1 |a Hanuláková, Eva, 1964-